Music Quiz

Random Music or Translation Quiz

Charles Trenet: La Mer Quiz Stats

 Plays Quiz not verified by Sporcle

Challenge
Share
Tweet
Embed
Score 0/86 Timer 10:00
0 Plays Today
Answer % Correct
mer
98.5%
mer
98.5%
mer
98.5%
mer
98.5%
mer
98.5%
mer
98.5%
La
97.1%
la
97.1%
la
97.1%
La
97.1%
la
97.1%
La
97.1%
la
97.1%
la
97.1%
a
89.7%
a
89.7%
a
89.7%
d'
80.9%
d'
80.9%
d'
80.9%
d'
80.9%
d'
80.9%
le
77.9%
le
77.9%
on
69.1%
qu'
67.6%
des
63.2%
des
63.2%
des
63.2%
Answer % Correct
des
63.2%
et
63.2%
et
63.2%
des
63.2%
long
57.4%
long
57.4%
danser
55.9%
les
55.9%
les
55.9%
au
54.4%
voit
52.9%
golfes
47.1%
clairs
47.1%
argent
47.1%
clairs
47.1%
golfes
47.1%
reflets
42.6%
reflets
42.6%
été
42.6%
ciel
41.2%
mon
41.2%
pour
39.7%
blancs
38.2%
blancs
38.2%
une
36.8%
vie
36.8%
sous
35.3%
si
35.3%
ces
35.3%
Answer % Correct
ces
35.3%
ces
35.3%
ses
33.8%
avec
33.8%
Voyez
32.4%
Voyez
32.4%
oiseaux
32.4%
coeur
32.4%
changeants
30.9%
pluie
30.9%
près
29.4%
grands
27.9%
bercé
27.9%
moutons
26.5%
maisons
26.5%
amour
26.5%
purs
25%
chanson
25%
anges
23.5%
infinie
23.5%
bergère
22.1%
azur
22.1%
confond
20.6%
étangs
20.6%
roseaux
19.1%
mouillés
19.1%
bercés
17.6%
rouillées
16.2%

You're not logged in!

Compare scores with friends on all Sporcle quizzes.
Join for Free
OR
Log In

You Might Also Like...

Show Comments

Extras

Top Quizzes Today


Score Distribution

Your Account Isn't Verified!

In order to create a playlist on Sporcle, you need to verify the email address you used during registration. Go to your Sporcle Settings to finish the process.

Report this User

Report this user for behavior that violates our Community Guidelines.

Details: